| 000 | 01550nam a2200265Ia 4500 | ||
|---|---|---|---|
| 999 |
_c54660 _d54660 |
||
| 001 | 21727 | ||
| 003 | GE_BSU | ||
| 005 | 20220121170413.0 | ||
| 008 | 181216s1985||||ge |||||||||||||| ||geo|| | ||
| 040 | _cGE_BSU | ||
| 041 | _ageo | ||
| 080 | _a811.353.1'367.626 ჩ-23 | ||
| 100 |
_aჩართოლანი, ნ. _913430 |
||
| 245 |
_aჩვენებით ნაცვალსახელთა სისტემები ქართულში სხვა ქართველურ ენებთან შედარებით / _cნ. ჩართოლანი ; რედ. ივ. ქავთარაძე. |
||
| 264 |
_aთბილისი : _bმეცნიერება, _c1985. |
||
| 300 |
_a167გვ. ; _c22 სმ. |
||
| 504 | _aბიბლიოგრაფია გვ. : 159-166 | ||
| 541 | _h5 ლ. | ||
| 653 | _aქართული ენა | ||
| 653 | _aჩვენებით ნაცვალსახელთა სისტემები ქართულში სხვა ქართველურ ენებთან შედარებით | ||
| 653 | _aჩვენებითი ნაცვალსახელი ქართულ ენაში | ||
| 700 |
_aქავთარაძე, ივ. _eრედაქტორი _913431 |
||
| 710 |
_aსაქართველოს სსრ მეცნიერებათა აკადემია _b ენათმეცნიერების ინსტიტუტი _913432 |
||
| 942 |
_cBK _2udc |
||